000 00485nam a2200169Ia 4500
999 _c13302
_d13302
003 OSt
005 20201020101228.0
008 190216s9999||||xx |||||||||||||| ||und||
040 _coclc
082 _a294.521
_bNAR/G
100 _aNarayan, R K
_94797
245 0 _aGods, Demons And Others /
_cR K Narayan
260 _bHind Pocket Books ,
_c1979.
_aNew Delhi:
300 _a243p
650 _aEnglish Novel
942 _cBK
_2ddc
_h294.521
_iNAR/G
_k294.521
_mNAR/G